01256naa#a2200229#i#4500001001600000005001700016011001400033100004100047101000800088102000700096200031800103210010500421215001100526608004500537675012700582700006400709700005600773700006600829700005800895700005200953856002101005RU\\bibl\12653120260702053258.4##a2074-9414##a20260630b2026####ek#y0rusy0150####ca0#aRUS##aRU1#aГидролизат сывороточных белков, обогащенный йодом и цинком, как средство коррекции стресс-индуцированных йододефицитных состояний у мышей линии С57BI/6NeЖурнальная статья1#aКемеровоcКемеровский государственный университетd2026##a12 с.##aЖурнальная статья2local##aСельское хозяйство. Лесное хозяйство. Охота. Рыбное хозяйство. 63zRUS#1aБарковскаяgИрина Александровна#1aМуклецоваgЕвгения Игоревна#1aАгарковgАлександр Александрович#1aРябоваgАнастасия Евгеньевна#1aПетровgАндрей Николаевич4#ajcenter.kemsu.ru